Các chủ đề trong một số bức tranh tat của nam học sinh phổ thông trung học /

Αποθηκεύτηκε σε:
Λεπτομέρειες βιβλιογραφικής εγγραφής
Κύριος συγγραφέας: Nguyễn Hữu Cầu, TS.
Μορφή: Άρθρο
Γλώσσα:Vietnamese
Θέματα:
TAT
Ετικέτες: Προσθήκη ετικέτας
Δεν υπάρχουν, Καταχωρήστε ετικέτα πρώτοι!
Thư viện lưu trữ: Thư viện Trường Đại học Đà Lạt
LEADER 00785nam a2200265 4500
001 DLU140161993
005 ##20140606
040 # # |a DLU  |b vie 
041 # # |a vie 
044 # # |a vn 
100 # # |a Nguyễn Hữu Cầu,  |c TS. 
245 # # |a Các chủ đề trong một số bức tranh tat của nam học sinh phổ thông trung học /  |c Nguyễn Hữu Cầu. 
653 # # |a Chủ đề tranh 
653 # # |a Học sinh nam 
653 # # |a TAT 
773 # # |t Tâm lý học  |g Số 11(176), 2013, tr56-63. 
920 # # |a Phòng Tạp chí -- Trung tâm Thông tin - Thư viện Trường Đại học Đà Lạt 
994 # # |a DLU 
900 # # |a True 
911 # # |a Trương Thị Mỹ Lệ 
925 # # |a G 
926 # # |a A 
927 # # |a BB 
980 # # |a Thư viện Trường Đại học Đà Lạt